| 000 | 00972cam a22003257i 4500 | ||
|---|---|---|---|
| 001 | 18523758 | ||
| 003 | CSPC | ||
| 005 | 20250213170409.0 | ||
| 008 | 150312s2013 ph 000 1 eng | ||
| 010 | _a 2015321073 | ||
| 020 | _a9710545264 | ||
| 020 | _a9789710545261 | ||
| 040 |
_aDLC _beng _cDLC _erda _dCSPC |
||
| 041 |
_aeng _atgl |
||
| 042 | _alcode | ||
| 100 | 1 |
_aMalvar, Carlos "Siege", _eauthor. |
|
| 245 | 1 | 0 |
_aWakasang wasak / _cCarlos "Siege" Malvar. |
| 264 | 1 |
_aPasay City : _bVisprint, Inc., _c2013. |
|
| 300 |
_a128 pages ; _c23 cm. |
||
| 336 |
_atext _2rdacontent |
||
| 337 |
_aunmediated _2rdamedia |
||
| 338 |
_avolume _2rdacarrier |
||
| 500 | _aShort stories. | ||
| 546 | _aTwo stories in English and one in Tagalog. | ||
| 655 | _aFiction. | ||
| 906 |
_a7 _bcbc _corigode _d4 _encip _f20 _gy-gencatlg |
||
| 942 |
_2ddc _n0 _cBK _iM299w _kFIC _m2013 |
||
| 999 |
_c28772 _d28772 |
||